1286 1549 1741 1970 1285 1168 1739 1670 1188 1188 1204 1286 1528 1726 1626 1940 1161 1866 1727 1041 1376 1327 1135 1760 1466 1378 1424 1925 1412 1417 1426 1950 1845 1489 1650 1584 1740 1140 1909 1198 1848 1045 1240 1224 1621 1690 1998 1634 1455 1413 1652 1129 1909 1266 1169 1192 1041 1288 1207 1934 1153 1874 1262 1994 1629 1822 1404 1674 1221 1129 1405 1407 1559 1728 1208 1594 1284 1514 1975 1263 1914 1886 1035 1629 1499 1647 1080 1349 1750 1406 1738 1321 1467 1568 1341 1045 1917 1571 1489 BCNSPRNW ULIB Ver.6.0+V

เปลี่ยนเป็นภาษาไทย

Change to English
 แสดงรายละเอียดบรรณานุกรม
  กลับหน้าหลัก

Brief Record : Get Marc (ISO 2709) : E-mail record : QR code < ปิดหน้าต่าง
LEADER : 00000nam 2200000uu 4500
001    13399112418
003     ULIB
008    110627s2553||||th 000 0 tha d
020    9786167030630(ล.2)
090    นว.^bห686ส ล.2 2553
100 0  เหมันต์
245 00 สงครามชีวิต โอชิน เล่ม 2/^cเหมันต์
250    พิมพ์ครั้งที่ 1
260    กรุงเทพฯ :^bอนิเมทกรุ๊ป,^c2553
300    232 หน้า
710 1  อนิเมทกรุ๊ป
945    ^p150^l0^i028031
995    ทศพร
999 ^a ใช้งานได้ทุกระบบ
รายการนี้ยังไม่มีแท็ก
คุณยังไม่ได้ล็อกอิน คุณสามารถมีกิจกรรมร่วมกับเว็บไซต์ได้ แต่ต้องล็อกอินก่อน ::
  ล็อกอิน

รายการสื่อสารสนเทศ

ลำดับที่ ประเภท เลขเรียก/บาร์โค้ด สถานที่ สถานะ
- ไม่พบข้อมูล -

รายการใกล้เคียง
    ผู้แต่ง [เหมันต์]

BibComment


ยังไม่เคยถูกคอมเมนท์

คอมเมนท์ทรัพยากรรายการนี้
  คอมเมนท์: สงครามชีวิต โอชิน..


 Copyright 2026. Bcnsprnw @Library